| 000 | 01211nam0a22002891 4500 | ||
|---|---|---|---|
| 001 | rc\4453317 | ||
| 005 | 20130416162126.6 | ||
| 021 |
_aRU _b[68-72276] |
||
| 035 | _a(NLR Aleph) 008588559 | ||
| 090 |
_a8629761 _c8629761 |
||
| 100 | _a20130416d1968 |||y0rusy50 ca | ||
| 101 | 0 | _arus | |
| 102 | _aRU | ||
| 105 | _ay z ||||| | ||
| 200 | 1 |
_aВ помощь санпросветработнику _eСборник метод. материалов _fЦентр. науч.-исслед. ин-т сан. просвещения М-ва здравоохранения СССР |
|
| 210 |
_aМосква _cБ. и. _d1968 |
||
| 215 |
_a79 с. _d22 |
||
| 300 | _aНа обороте тит. л. сост.: С.Е. Михайлова | ||
| 320 | _aБиблиогр. в конце работ | ||
| 606 |
_aСанитарное просвещения _jМетодические пособия _2psbo |
||
| 702 | 1 |
_aМихайлова _bС. Е. _4220 |
|
| 712 | 0 | 2 |
_aЦентральный науч.-исслед. ин-т санитарного просвещения _cМосква _3RU\NLR\AUTH\8810009035 |
| 801 | 0 |
_aRU _bNLR _gpsbo |
|
| 801 | 1 |
_aRU _bELAR _2rusmarc |
|
| 852 |
_aNLR _j68-6/10678 |
||
| 942 | _cBOOK | ||
| 980 | _aNB | ||